| 000 | 006740000a22002050004500 | ||
|---|---|---|---|
| 003 | LK-CoMWRAF | ||
| 005 | 20240107180310.0 | ||
| 008 | 230817t2001 ||||| |||| 00| 0 eng d | ||
| 040 |
_aLK-CoMWRAF _dLK-CoMWRAF _eLK-CoMWRAF |
||
| 041 | _aeng | ||
| 082 |
_a305.23 _bSOU |
||
| 110 | _aSouth Asia Partnership International | ||
| 245 |
_aCommercial sexual exploitation of children : _ba review of south Asia - India perspective 2001 |
||
| 260 |
_aColombo: _bSouth Asia Partnership International, _c2001 |
||
| 300 | _a 104 p. : illu. ; 30 cm | ||
| 650 | _aChild prostitution- India | ||
| 650 | _aChild sexual abuse- India | ||
| 700 |
_aAmeresekere, Bimali _eed. |
||
| 942 | _cBK | ||
| 999 |
_c489 _d489 |
||